Statistics for Land som begynner med C

Click here to take the quiz!

General Stats

  • This quiz has been taken 15 times
  • The average score is 3 of 5

Answer Stats

Land% Correct
Canada
77%
Cuba
77%
Colombia
62%
Costa Rica
54%
Chile
31%

Score Distribution

Percentile by Number Answered

Percent of People with Each Score

Your Score History

You have not taken this quiz